000 00240nam a2200097 a 4500
005 20200930075835.0
008 120123s1969 000 spa d
245 0 _aTratado de endocrinologĂ­a.
260 _aBarcelona,
_c1969.
999 _c36121
_d36121
040 _aDO-SdBNP